Η μηχανική μετάφραση και η ελληνική γλώσσα
Αποθηκεύτηκε σε:
| Συγγραφή απο Οργανισμό/Αρχή: | |
|---|---|
| Άλλοι συγγραφείς: | , |
| Μορφή: | Βιβλίο |
| Γλώσσα: | Greek |
| Δημοσίευση: |
Αθήνα :
Καστανιώτης,
2000.
|
| Σειρά: | Θέματα επεξεργασίας γλώσσας και φωνής
|
| Θέματα: | |
| Ετικέτες: |
Προσθήκη ετικέτας
Δεν υπάρχουν, Καταχωρήστε ετικέτα πρώτοι!
|
MARC
| LEADER | 00000cam a2200000 i 4500 | ||
|---|---|---|---|
| 001 | 1/26701 | ||
| 008 | 020826s2000 gr | ||| |||| ||gre|| | ||
| 020 | |a 9600327181 | ||
| 035 | |l 10068301 | ||
| 040 | |a GR-MyUA |b gre |e AACR2 | ||
| 041 | 0 | |a gre | |
| 082 | 0 | |a 418.020285 | |
| 245 | 1 | 2 | |a Η μηχανική μετάφραση και η ελληνική γλώσσα / |c επιμέλεια Μελίτα Σταύρου & Μαρία Τζεβελέκου. |
| 260 | |a Αθήνα : |b Καστανιώτης, |c 2000. | ||
| 300 | |a 360 σ. : |b εικ. ; |c 21 εκ. | ||
| 490 | 1 | |a (Θέματα επεξεργασίας γλώσσας και φωνής) | |
| 504 | |a Περιέχει ευρετήριο. | ||
| 650 | 0 | 0 | |a Machine translating. |
| 700 | 1 | |a Stavrou, Melita, |e edtf | |
| 700 | 1 | |a Τζεβελέκου, Μαρία, |e edtf | |
| 710 | 2 | |a Ινστιτούτο Επεξεργασίας του Λόγου. | |
| 830 | 0 | |a Θέματα επεξεργασίας γλώσσας και φωνής | |
| 852 | |a INST |b LESVOS |e 20180418 |h 418.02 ΜΗΧ |p 005100061045 |q 005100061045 |t BK |y 0 | ||
| 852 | |a INST |b RHODES |e 20081127 |h 418.020285 ΜΗΧ |p 005400031429 |q 005400031429 |t BK |y 0 | ||
| 852 | |a INST |b SAMOS |e 20020826 |h 418.020285 ΜΗΧ |p 005300019974 |q 005300019974 |t BK |y 0 | ||
| 852 | |a INST |b SAMOS |e 20020826 |h 418.020285 ΜΗΧ |p 005300019975 |q 005300019975 |t BK |y 0 | ||
| 852 | |a INST |b SAMOS |e 20020826 |h 418.020285 ΜΗΧ |p 005300019976 |q 005300019976 |t BK |y 0 | ||
| 852 | |a INST |b SAMOS |e 20020826 |h 418.020285 ΜΗΧ |p 005300019977 |q 005300019977 |t BK |y 0 | ||
| 852 | |a INST |b SAMOS |e 20020826 |h 418.020285 ΜΗΧ |p 005300020022 |q 005300020022 |t BK |y 23 | ||
| 901 | |a BIBL3-2002-2 | ||
| 901 | |a BIBL4-2008-3 | ||
| 909 | |a Σ |b 087529 | ||
| 909 | |a Σ |b 087587 | ||
| 909 | |a Σ |b 087588 | ||
| 909 | |a Σ |b 087589 | ||
| 909 | |a Σ |b 087590 | ||
| 909 | |a Ρ |b 156448 | ||
| 970 | |a ΚΟΣΙΕΡΗΣ |b ΧΡΗΣΤΟΣ |z 2002/08/26 | ||